000
00227 a2200097 4500
001
57146
100
_a
245
_a
Principles of Enginering economy
260
_a
N.Y
_b
John Wiley & Sons
_c
1990
090
_c
35078
_d
35078
942
_a
NUST-CAE
_c
MONOGRAPH
_c
27867
999
_c
292219
_d
292219